The nurse manager's survival guide : (Record no. 381)
[ view plain ]
| 000 -LEADER | |
|---|---|
| fixed length control field | 00656nam a2200193 a 4500 |
| 020 ## - INTERNATIONAL STANDARD BOOK NUMBER | |
| ISBN | 0323023290 |
| 050 ## - CALL NUMBER | |
| Classification number | RT 89.M33 |
| 100 1# - AUTHOR | |
| Personal name | Marrelli, T. M. |
| 245 14 - TITLE | |
| Title | The nurse manager's survival guide : |
| Remainder of title | practical answers to everyday problems / |
| Statement of responsibility, etc | T.M. Marrelli ; with assistance from Lynda S. Hilliard. |
| 250 ## - EDITION | |
| Edition statement | 3rd ed. |
| 260 ## - PUBLICATION INFORMATION | |
| Place of publication | St. Louis : |
| Name of publisher | Mosby, |
| Year of publication | c2004. |
| 300 ## - DESCRIPTION | |
| Number of Pages | xix, 395 p. : |
| Other physical details | ill. ; |
| Dimensions | 24 cm. |
| 650 #0 - SUBJECTS | |
| Topical Term | Nursing services |
| General subdivision | Administration. |
| 650 12 - SUBJECTS | |
| Topical Term | Nursing, Supervisory. |
| 650 22 - SUBJECTS | |
| Topical Term | Nursing Services |
| General subdivision | organization & administration. |
| 650 22 - SUBJECTS | |
| Topical Term | Personnel Management |
| General subdivision | methods. |
| 700 1# - OTHER AUTHORS | |
| Personal name | Hilliard, Lynda S. |
| 942 ## - ADDED ENTRY ELEMENTS (KOHA) | |
| Koha item type | Books |
| Withdrawn status | Lost status | Home library | Current library | Shelving location | Date acquired | Full call number | Accession Number | Copy number | Koha item type |
|---|---|---|---|---|---|---|---|---|---|
| Methodist University Library Wenchi Nursing | Methodist University Library Wenchi Nursing | General Stacks | 20/10/2017 | RT 89.M33 | 2683 | 1 | Books |